000
00232 a2200109 4500
001
68541
040
_c
Anchieta - Itaigara
240
1
0
_a
O canto de Bento
_l
245
1
0
_a
O canto de Bento
650
4
_a
Literatura infantil
942
_c
MU
999
_c
68541
_d
68541